| 000 | 00710nam a2200217Ia 4500 | ||
|---|---|---|---|
| 005 | 20241129111258.0 | ||
| 008 | 241129s9999||||xx |||||||||||||| ||und|| | ||
| 020 | _a818299044-0 | ||
| 037 | _aTB | ||
| 040 |
_aCRL _bpun _cCRL |
||
| 041 |
_apun _2pun |
||
| 084 |
_aO153,1L30x Q2 _qCRL |
||
| 100 |
_aਸੀਤਲ, ਜੀਤ ਸਿੰਘ, ਥਦ। _9167734 |
||
| 245 | 0 |
_aਹੀਰ ਵਾਰਿਸ _cਸੀਤਲ, ਜੀਤ ਸਿੰਘ, ਥਦ। |
|
| 260 |
_aਦਿੱਲੀ, ਭਾਰਤ _bਆਰਸੀ ਪਬਲਿਸ਼ਰਜ਼ _c2012 |
||
| 300 | _a316gz | ||
| 365 |
_aINR _b700 |
||
| 650 |
_aPunjabi LiteraturePoetry _9726276 |
||
| 942 |
_cTB _hO153,1L30x Q2 |
||
| 999 |
_c1229714 _d1229714 |
||